Biología de animales - Estadísticas

Estadísticas generales
  • Esta prueba ha sido intentada 146 veces
  • La puntuación promedio es 7 de 10
Estadísticas de respuestas
Pregunta Respuesta % Correcto
Poseen glándulas mamarias Mamíferos
98%
¿Qué animal tiene branquias? Pez dorado
87%
¿De qué se alimenta un animal hematófago? Sangre
77%
Felino americano Jaguar
71%
Es un anélido Lombriz
70%
¿Qué nombre reciben las abejas macho? Zángano
68%
¿Qué son los ocelos? Estructuras fotorreceptoras
63%
No es un marsupial Panda rojo
55%
Producen ácido fórmico Hormigas
54%
¿Cuántos pares de patas tiene un insecto? 3
49%
No se encontraron pruebas coincidentes
Distribución de puntuación
Porcentaje de gente con cada puntuación
Porcentaje por número respondido
Historial de tus puntuaciones
No has intentado esta prueba.